000 00641cam a2200241 a 4500
999 _c8394
_d8394
001 8394
003 BD-JhCC
005 20180925084855.0
008 250918s1970 enka 001 0 eng d
020 _cNo price
035 _a(BD-JhCC)8394
040 _aUk
_cUk
_dUk
_dBD-JhCC
041 _aeng
082 0 4 _a954
_221
_bMAN 170
100 1 _aManjumdar, R. C.
245 1 4 _aThe classical age /
_cR. C. Manjumdar,
260 _aBombay :
_bBharatiya Vidya Bhavan,
_c1970
300 _a758 p :
_bill. ;
_c26 cm.
504 _aIncludes bibliographical references and index.
651 0 _aIndia
_xHistory
942 _2ddc
_cBK